F1 2004 - Race Winners - Statistiken

Allgemein
  • Dieses Quiz wurde 38 mal gespielt
  • Das Durchschnittsergebnis liegt bei 12 aus 17
Antwortstatistiken
Strecke Rennsieger % Korrekt
Australien Michael Schumacher
100%
Malaysia Michael Schumacher
94%
Bahrain Michael Schumacher
94%
San Marino Michael Schumacher
94%
Spanien Micheal Schumacher
94%
Frankreich Michael Schumacher
84%
Europa Micheal Schumacher
84%
USA Micheal Schumacher
84%
Großbritannien Michael Schumacher
81%
Deutschland Michael Schumacher
81%
Ungarn Michael Schumacher
81%
Japan Michael Schumacher
81%
Italien Rubens Barrichello
53%
China Rubens Barrichello
47%
Belgien Kimi Räikkönen
34%
Brasilien Juan Pablo Montoya
28%
Monaco Jarno Trulli
22%
Keine übereinstimmenden Quizze gefunden
Verteilung der Resultate
Anzahl Personen mit jedem Resultat
Perzentil nach korrekt beantworteten Fragen
Ihre Resultats-Entwicklung
Sie haben dieses Quiz noch nicht gespielt